000 00638nam a2200193Ia 4500
003 GCL
008 140319s9999 xx 000 0 ara d
040 _aGCL /
_cGCL
082 0 4 _a320.5312
_bب م
100 1 _aبرنارد شو
245 1 0 _aمقالات فى الاشتراكية القابية (هديه من الآديب عبدالفتاح الجمل) /
_cبرنارد شو
700 1 _aمحمد عبدالله الشفقى
300 _a293
490 _aاخترنا لك
_v0
650 0 4 _aالسياسة
650 0 4 _aالاشتراكية المذاهب
650 0 4 _aالاشتراكية القابية
942 _2ddc
_cBK
999 _c42841
_d42841